000 00228nam a2200109Ia 4500
008 240625s9999 xx 000 0 und d
041 _aeng
100 _aAIMA
245 _aTALENT IMPERATIVES
260 _c2008
365 _cRS
_b15
999 _c34248
_d34248